Tabby cat and the cockel : (Record no. 9178)

MARC details
000 -LEADER
fixed length control field 01107nam a22002777a 4500
001 - CONTROL NUMBER
control field 9178
003 - CONTROL NUMBER IDENTIFIER
control field FISKH
005 - DATE AND TIME OF LATEST TRANSACTION
control field 20251127101953.0
008 - FIXED-LENGTH DATA ELEMENTS--GENERAL INFORMATION
fixed length control field 251127b cb ||||| |||| 00| 0 eng d
020 ## - INTERNATIONAL STANDARD BOOK NUMBER
International Standard Book Number 9781842504093
040 ## - CATALOGING SOURCE
Original cataloging agency FISKH
Language of cataloging eng
Transcribing agency FISKH
Modifying agency FISKH
082 ## - DEWEY DECIMAL CLASSIFICATION NUMBER
Classification number 636.9
100 ## - MAIN ENTRY--PERSONAL NAME
Personal name Andrews, Jackie
245 ## - TITLE STATEMENT
Title Tabby cat and the cockel :
Remainder of title Hospital farm /
Statement of responsibility, etc. Written by Jackie Andrews ; Illustrated by Jacqueline East
260 ## - PUBLICATION, DISTRIBUTION, ETC.
Place of publication, distribution, etc. Queen Street :
Name of publisher, distributor, etc. Bright Sparks,
Date of publication, distribution, etc. 2002.
300 ## - PHYSICAL DESCRIPTION
Extent 32 unnumbered pages :
Other physical details color illustrations ;
Dimensions 24 cm
505 ## - FORMATTED CONTENTS NOTE
Formatted contents note J<br/>
520 ## - SUMMARY, ETC.
Summary, etc. Tabby and the Cockerel is a heartwarming children’s story set on a farm, where a cat named Tabby and a rooster named the Cockerel form an unexpected bond. As the two characters face challenges together, they learn valuable lessons about trust, teamwork, and friendship.
521 8# - TARGET AUDIENCE NOTE
Target audience note 430 <br/>
Source Lexile estimate<br/>
521 8# - TARGET AUDIENCE NOTE
Target audience note J<br/>
Source Raz-Plus<br/>
650 ## - SUBJECT ADDED ENTRY--TOPICAL TERM
Topical term or geographic name entry element Farm animals
Form subdivision Children’s literature
650 ## - SUBJECT ADDED ENTRY--TOPICAL TERM
Topical term or geographic name entry element Cats
Form subdivision Fiction
700 ## - ADDED ENTRY--PERSONAL NAME
Personal name East, Jacqueline
Relator term illustrator
942 ## - ADDED ENTRY ELEMENTS (KOHA)
Source of classification or shelving scheme Dewey Decimal Classification
Koha item type Books
Suppress in OPAC No
Holdings
Withdrawn status Lost status Source of classification or shelving scheme Damaged status Not for loan Collection Home library Current library Shelving location Date acquired Total Checkouts Full call number Barcode Date last seen Copy number Price effective from Koha item type
    Dewey Decimal Classification     Juvenile Fiction Footprints International School Library Network Toul Tom Poung Campus Footprints International School Library Network Toul Tom Poung Campus TTP Primary Dark Blue Bookshelves 11/27/2025   AND 636.9 PZ7 2025-4926 11/27/2025 1 11/27/2025 Books